MARC

LEADER 00000nam0a2200000 4500
001 21030
005 20231030192327.0
010 |a 5852001635 
035 |a (RuTPU)RU\TPU\book\21225 
035 |a BOOK00000093 
090 |a 21030 
100 |a 20011209d1990 m y0rusy50 ca 
101 0 |a rus 
102 |a RU 
105 |a a z 000zy 
200 1 |a Сокровища Москвы  |f Б. И. Бродский 
210 |a Москва  |c Изобразительное искусство  |d 1990 
215 |a 375 с.  |c ил. 
610 1 |a искусство 
610 1 |a изобразительное искусство 
610 1 |a музеи 
610 1 |a выставки 
610 1 |a Москва 
610 1 |a музеи-заповедники 
675 |a 7(069)  |v 3 
700 1 |a Бродский  |b Б. И.  |g Борис Ионович 
801 0 |a RU  |b 63413507  |c 20011209  |g PSBO 
801 2 |a RU  |b 63413507  |c 20040702  |g PSBO 
942 |c BK